=LDR 00000nam 2200000 4500 =001 INLIS000000000007025 =005 20251120080423 =035 ##$$a 0010-1125000899 =007 ta =008 251120###########################0#eng## =082 ##$$a 658.404 =084 ##$$a 658.404 HER f =100 #$$a Hermini Sutedi =245 1#$$a Final Project Report /$c Badan Koordinasi Keluarga Berencana Nasional =260 ##$$a Jakarta :$b Badan Koordinasi Keluarga Berencana Nasional =300 ##$$a 33 Hal : $b Ilus ; $c 21 =650 #4$$a Keluarga Berencana =856 ##$$a Perpustakaan Kemendukbangga